Дело о выкупе земельных наделов временнообязанными крестьянами В.И., А.И. Вейсенгофф, Елены Беганской, Клементины Медеклю, И.П. ...

Доступно только в Электронных читальных залах Найти на картеНа карте
RUSMARC
00004252nmc2a2200000 x 450
00138a95df3-08eb-4f58-a459-57708947687d
00520160109051705.0
100##$a20141218l18711885k l0rusy0189 ca
1010#$arus
102##$aRU
2001#$aДело о выкупе земельных наделов временнообязанными крестьянами В.И., А.И. Вейсенгофф, Елены Беганской, Клементины Медеклю, И.П. Пизани деревни Бонюшки и других Новоалександровского уезда Ковенской губернии
$j2 августа 1865 г. - 19 ноября 1885 г.
251##$cДело
300##$aДело
300##$aОриг. заголовок дела: Дело Вейсенгофф В.И., А.И., Беганской Елены, Медекля Клементины, Пизани И.П. Ковенской губернии Новоалександровского уезда деревень: Бонюшки, Буашеки, Амубале и других. 2 августа 1865 г. - 19 ноября 1885 г
801#0$aRU
$bРГИА
$c20141218
$gRCR
801#1$aRU
$bГлавНИВЦ
$c20141218
$2rusmarc
801#2$aRU
$bПБ им. Б.Н. Ельцина
$c20160109
$gRCR
$2rusmarc
850##$aРГИА
852##$aРГИА
$eФедеральное казенное учреждение "Российский государственный исторический архив" (РГИА)
$j1063
937##$hРГИА
$d11174241
$aASBIBLIO_SCAN
462#0$1001502adf71-6cdd-4b0a-8019-ccd751bf1031
$12001
$aДела Главного выкупного учреждения Министерства финансов по Ковенской губернии
$1251
$cОпись
$1852
$j15
461#0$10018ef30ad5-ff5c-4840-a721-74c62a200f95
$12001
$aГлавное выкупное учреждение Министерства финансов
$1251
$cФонд
$1852
$j577
215##$a31 л.
$d36,5х26 см
371##$aДокумент не является опубликованным и широко распространяемым
105##$ay###
1222#$ad
5171#$aДело Вейсенгофф В.И., А.И., Беганской Елены, Медекля Клементины, Пизани И.П. Ковенской губернии Новоалександровского уезда деревень: Бонюшки, Буашеки, Амубале и других. 2 августа 1865 г. - 19 ноября 1885 г
035##$a38a95df3-08eb-4f58-a459-57708947687d
Формат отображения